|
|
|
|
| LEADER |
00635cam a2200217 7i4500 |
| 001 |
0000031012 |
| 005 |
20160715090000.0 |
| 020 |
# |
# |
|a 9781418779801
|
| 090 |
0 |
0 |
|a I 540.025
|b PLA
|
| 245 |
0 |
0 |
|a PlanetInform's global directory for major chemicals wholesalers 2013.
|
| 250 |
0 |
0 |
|a 13th ed..
|
| 260 |
0 |
0 |
|a Florida:
|b Business Information Agency (BIA),
|c 2013.
|
| 300 |
# |
# |
|a 406 p.
|
| 650 |
0 |
0 |
|a Asia Pacific
|
| 651 |
0 |
0 |
|a South America
|
| 651 |
0 |
0 |
|a Middle East
|
| 651 |
0 |
0 |
|a Eastern Europe
|
| 651 |
0 |
0 |
|a Western Europe
|
| 651 |
0 |
0 |
|a North America
|
| 651 |
0 |
0 |
|a Oceania
|
| 999 |
|
|
|a B000034293
|b Directories
|c Products
|e Business Information Centre
|